00888nam a22002657a 45000010005000000030006000050050017000110080041000280200015000690400029000840500012001130820010001251000036001352450106001712500027002772600033003043000045003375050007003825200124003895210020005135210018005336500018005516500020005697000033005895459FISKH20250825132814.0241209b cb ||||| |||| 00| 0 eng d a0590455761 aFISKHbengcFISKHdFISKH aPZ8.O37 a813.5 aO'Keefe, Heyboer Susand(1953-) aOne hungry monster /cA Counting Book in Rhyme by Susan Heyboer O'Keefe illustrated by Lynn Munsinger aFirst printing in 1992 aBoston :bScholastic,c1992. a28 pages :bcolor illustrations ;c23 cm aE  aAt bedtime a small boy tries to control ten insatiable monsters demanding food and creating chaos throughout the house.8 a200 bLexile 8 aE bRaz-Plus  2MathaMonster 2RhymeaCounting aMunsinger, LynndIllustrator